000 00452nam a22001457a 4500
005 20260414105641.0
008 260414b |||||||| |||| 00| 0 eng d
082 _a297.273
_bMUH-G
100 _aMuhammad Umar Riaz
245 _aGlobal Dialogue and Reconciliation in Islamic Perspective
_bChallenges and Future Prospects
260 _aPakistan
_bMinhaj ul Quran Publications, Lahore
_c2021
300 _a171 p.
650 _aEducation
942 _cBK
999 _c47304
_d47304